000 01630nam a2200385 c 4500
003 BLK
005 20250308094048.0
008 180409b bul|||||r ||||||| ||bul||
010 _aKNG00135664000
020 _a978-954-8186-82-7
_bиздат.: Санома Блясък България
040 _aBLK
041 _aBUL
_cBUL
072 7 _2bullib
_aН83
_xЧужда художествена литература Н
080 _aАмериканска литература (на САЩ)
_b821.111(73)
_x-312.4
_z821.111(73)-312.4
100 _aХоуг, Тами
_9249554
700 1 _aВиронова, Татяна Атанасова
_9365852
139 _aХоуг, Тами
_bХ 70
245 1 0 _aКуриерът трябва да умре
_bРоман
_cТами Хоуг; прев. Таня Виронова.
250 _a2. изд.
257 _aUSA
260 София
_bСанома Блясък България
_c2012
_fСофия : Инвестпрес
300 _a312 с.
_c20 см
380 _aX
490 1 _aПоредица Световни бестселъри
_v4
500 _a1. изд. 2005 на изд. Бард. - Ориг. загл. Kill the Messenger / Tami Hoag. - Офс. изд. Разпространява се само със сп. Журнал за жената.
653 _aкрими
653 _aромани
659 _aН
852 _aЦб 256863
856 4 _qpdf
_u
856 4 _qpdf
_u
942 _cKNG
_n0
_05
944 _aCR
_c30.10.2012
_lМоника Янева
_k30570
944 _aED
_c06.07.2017
_lф /
_kЛюдмила_Стоянова
999 _c129919
_d129919